Top 10 Songs by Megadeth - Statistics

General Stats
  • This quiz has been taken 10 times
  • The average score is 6 of 10
Answer Stats
Hint Answer % Correct
1 Symphony of Destruction
100%
5 Hangar 18
86%
2 Holy Wars ... Punishment Due
86%
6 In My Darkest Hour
71%
4 Peace Sells
71%
3 Tornado of Souls
71%
10 Trust
57%
8 Wake Up Dead
57%
9 Rust in Peace ... Polaris
43%
7 Psychotron
0%
No matching quizzes found
Score Distribution
Percent of People with Each Score
Percentile by Number Answered
Your Score History
You have not taken this quiz